British Empire Colonies 1921 - Sudden Death - Statistics

General Stats
  • This quiz has been taken 2,559 times
    2,531 since last reset
  • The average score is 9 of 15
Answers on the Grid
Answers color-coded by a green-red scale on the quiz's grid according to % correct below.
Algeria
Angola
Australia
Botswana
Cambodia
Canada
Egypt
Ghana
Guyana
India
Indonesia
Iran
Iraq
Japan
Libya
Mali
Mexico
Mongolia
Mozambique
Myanmar
Niger
Nigeria
Papua New Guinea
South Sudan
Sudan
Syria
Thailand
United Arab Emirates
Uruguay
Yemen
 
Answer Stats
Answer % Correct
Australia
84%
India
84%
Canada
78%
Egypt
75%
Botswana
62%
Ghana
61%
Nigeria
59%
Guyana
56%
Sudan
55%
South Sudan
53%
Papua New Guinea
49%
Iraq
48%
United Arab Emirates
48%
Myanmar
46%
Yemen
45%
No matching quizzes found
Score Distribution
Percent of People with Each Score
Percentile by Number Answered
Your Score History
You have not taken this quiz since the last reset